00352nam a2200133Ia 4500003000400000005001700004008004100021040000900062082001500071100002100086245006300107260003900170300000900209OSt20200930142823.0190216s9999||||xx |||||||||||||| ||und|| coclc a612bFOS/P aFoster, Michael  0aPhysiology For Beginners /cMichael Foster ; Lewis E Shore bMacmillan &co Ltd,aLondon:c1964. a259p